U.S. General Knowledge #25 - Statistics

General Stats
  • This quiz has been taken 21,155 times
  • The average score is 11 of 20
Answer Stats
Question Answer % Correct
What are the first three ingredients in Heinz ketchup? Tomato concentrate
95%
Complete the analogy: Oscar is to film as _______ is to music Grammy
91%
What are the first three ingredients in Heinz ketchup? High fructose corn syrup
76%
What are the two most populous American cities whose names end in "polis"? Minneapolis
73%
What are the two most populous American cities whose names end in "polis"? Indianapolis
72%
What TV show features a character named Kenny who has died over 120 times? South Park
72%
What group of rights includes the right to remain silent and the right to an attorney? {Miranda} Rights
62%
What company was America's largest maker of camera film for most of the 20th century? Kodak
57%
What athlete starred in "The Naked Gun" and "The Towering Inferno" before having a run in with the law? O.J. Simpson
57%
Who said that he tried marijuana, but didn't inhale? Bill Clinton
53%
Who followed Johnny Carson as host of the Tonight show? Jay Leno
51%
How did more than half of American immigrants prior to the Revolution pay for their voyage? {Indentured} servitude
50%
In what state would you find the city of Kalamazoo? Michigan
46%
What are the first three ingredients in Heinz ketchup? Distilled vinegar
44%
What actress has initials JLH? Jennifer Love Hewitt
41%
The motto of the US Marines is "Semper Fidelis". What does this mean in English? Always Faithful
40%
What Sesame Street character has the same first name as a late 19th century President? Grover
40%
What Appalachians locale is the most-visited National Park in the U.S.? Great Smoky Mountains
27%
What invasive plant, starting with the letter K, has been called "the vine that ate the South"? Kudzu
22%
What color of M&M's was replaced by blue in 1995? Tan
19%
No matching quizzes found
Score Distribution
Percent of People with Each Score
Percentile by Number Answered
Your Score History
You have not taken this quiz